Every ATP Tournament won by Casper Ruud - Statistics

General Stats
  • This quiz has been taken 5 times
  • The average score is 11 of 13
Answer Stats
Hint Answer % Correct
2024 Barcelona
100%
2021 Bastad
100%
2020 Buenos Aires
100%
2022 Buenos Aires
100%
2021 Gstaad
100%
2022 Gstaad
100%
2025 Madrid
100%
2021 Geneva
80%
2022 Geneva
80%
2024 Geneva
80%
2023 Estoril
60%
2021 Kitzbuhel
60%
2021 San Diego
60%
No matching quizzes found
Score Distribution
Percent of People with Each Score
Percentile by Number Answered
Your Score History
You have not taken this quiz